000 00476nam a22001697a 4500
003 OSt
005 20140311130134.0
008 130204t xxu||||| |||| 00| 0 eng d
020 _a9710860798
050 _aPL6059
_b.Ar778 2000
082 _aFIL808.04
_b.Ar6 2000
245 _aRetorika sa mabisang pagpapahayag :
_cArrogante, Jose A.
260 _aMandaluyong City :
_bNational Book Store,
_cc2000
300 _axxi, 247 p.
_c22 cm.
942 _2lcc
_cBK
_kFIL
999 _c35478
_d35478